000 00416nam a2200133 i 4500
001 bg
100 1 _aMARCINIAK, Stanisław
245 0 _aZespolona metoda oceny efektywności przedsięwzięć techniczno-organizacyjnych /
_cStanisław Marciniak.
260 _aWarszawa :
_bWydawnictwa Politechniki Warszawskiej,
_c1989.
040 _cBPK
041 _apol
942 _cKS
008 s pl f |000 0 pol
999 _c29174
_d29174
856 _uhttp://koha.tu.koszalin.pl/cgi-bin/koha/opac-detail.pl?biblionumber=29174
_yKatalog online BPK